Loading...
| Other Arts: Visual | 0 | 2 | 0 | 0 | 20 | 116 | 120.50 | 0 | 1 | 0.00 | 0.00 |
| Science - Physics | 0 | 2 | 0 | 0 | 20 | 114 | 114.50 | 0 | 1 | 0.00 | 0.00 |
| History - World | 0 | 2 | 0 | 0 | 20 | 76 | 76.00 | 1 | 2 | 0.00 | 0.00 |
| History - European | 1 | 0 | 0 | 0 | 15 | 61 | 61.00 | 0 | 1 | 0.00 | 0.00 |
| 0 | 2 | 1 | 0 | 15 | 99 | 99.50 | 0 | 1 | 0.00 | 0.00 | |
| Philosophy | 1 | 0 | 0 | 0 | 15 | 45 | 45.00 | 0 | 1 | 0.00 | 0.00 |
| Science - Biology | 1 | 0 | 0 | 0 | 15 | 56 | 56.00 | 1 | 1 | 0.00 | 0.00 |
| Fine Arts - Visual | 0 | 2 | 1 | 0 | 15 | 68 | 88.50 | 0 | 1 | 0.00 | 0.00 |
| Fine Arts - Auditory | 0 | 2 | 1 | 1 | 15 | 115 | 118.00 | 0 | 1 | 0.00 | 0.00 |
| Fine Arts - Auditory | 0 | 1 | 0 | 0 | 10 | 73 | 73.00 | 1 | 1 | 0.00 | 0.00 |
| History - American | 0 | 1 | 0 | 0 | 10 | 116 | 116.00 | 0 | 1 | 0.00 | 0.00 |
| Other Arts: Auditory | 0 | 1 | 0 | 1 | 10 | 125 | 125.00 | 0 | 0 | 0.00 | 0.00 |
| Other Science: Earth Science | 0 | 1 | 0 | 1 | 10 | 90 | 90.00 | 0 | 1 | 0.00 | 0.00 |
| Other Science: Math | 0 | 1 | 0 | 1 | 10 | 124 | 124.00 | 0 | 0 | 0.00 | 0.00 |
| Beliefs | 0 | 1 | 0 | 1 | 10 | 137 | 137.00 | 0 | 1 | 0.00 | 0.00 |
| Literature - American | 0 | 1 | 1 | 1 | 5 | 125 | 125.00 | 0 | 1 | 0.00 | 0.00 |
| Beliefs | 0 | 1 | 1 | 0 | 5 | 112 | 112.00 | 0 | 1 | 0.00 | 0.00 |
| Literature - European | 0 | 0 | 1 | 0 | -5 | 0.00 | 0 | 0 | 0.00 | 0.00 | |
| Science - Chemistry | 0 | 0 | 1 | 0 | -5 | 0.00 | 0 | 0 | 0.00 | 0.00 | |
| Literature - British | 0 | 0 | 1 | 0 | -5 | 0.00 | 0 | 0 | 0.00 | 0.00 | |
| Other Academic | 0 | 0 | 2 | 0 | -10 | 0.00 | 0 | 0 | 0.00 | 0.00 |